[Event "Budapest FS10 FM"]
[Site "Budapest"]
[Date "2017.10.11"]
[Round "5"]
[White "Eperjesi, Laszlo"]
[Black "Waisberg, Arnold"]
[Result "1-0"]
[WhiteElo "2114"]
[BlackElo "1833"]
[PlyCount "69"]
[EventDate "2017.10.07"]
[EventType "tourn"]
[EventRounds "10"]
[EventCountry "HUN"]
[SourceTitle "CBM 181 Extra"]
[Source "ChessBase"]
[SourceDate "2017.12.12"]
[SourceVersion "1"]
[SourceVersionDate "2017.12.12"]
[SourceQuality "1"]

1. d4 d5 2. Nf3 Nf6 3. c4 dxc4 4. Qa4+ Bd7 5. Qxc4 e6 6. Nc3 Bc6 7. Ne5 Nd5 8. e3 Bd6 9. Nxc6 Nxc6 10. Bd2 Be7 11. Be2 Nxc3 12. bxc3 Qd5 13. Qxd5 exd5 14. Rb1 0-0-0 15. Bg4+ Kb8 16. Bf3 Bg5 17. h4 Bf6 18. g4 h6 19. c4 Ne7 20. cxd5 Nxd5 21. Kf1 Nb6 22. a4 c6 23. a5 Nc4 24. Be1 Kc7 25. Be2 Nd6 26. f3 Rhe8 27. Rb3 a6 28. Bg3 Kc8 29. Kf2 Nb5 30. Rc1 Re7 31. Bxb5 axb5 32. Rxb5 Rde8 33. a6 bxa6 34. Rxc6+ Kd7 35. Rc7+ 1-0

[Event "Budapest FS03 Development"]
[Site "Budapest"]
[Date "2017.07.08"]
[Round "7"]
[White "Waisberg, Arnold"]
[Black "Szurkos, Andras"]
[Result "1-0"]
[WhiteElo "1839"]
[BlackElo "1736"]
[PlyCount "169"]
[EventDate "2017.07.01"]
[EventType "tourn"]
[EventRounds "10"]
[EventCountry "HUN"]
[SourceTitle "EXT 2025"]
[Source "ChessBase"]
[SourceDate "2024.10.14"]
[SourceVersion "1"]
[SourceVersionDate "2024.10.14"]
[SourceQuality "1"]

1. e4 e5 2. Bc4 Nf6 3. d3 Nc6 4. Nc3 Na5 5. a3 Nxc4 6. dxc4 Bc5 7. Qd3 Ng4 8. Nh3 d6 9. Na4 0-0 10. Nxc5 dxc5 11. Bg5 f6 12. Bd2 f5 13. Qxd8 Rxd8 14. exf5 Bxf5 15. 0-0-0 h6 16. f3 Nf6 17. Bc3 Re8 18. Nf2 Re7 19. Rhe1 Rae8 20. Ne4 Bxe4 21. fxe4 Re6 22. g3 Rd6 23. Rxd6 cxd6 24. b4 b6 25. bxc5 bxc5 26. Ba5 Rc8 27. Kd2 Rc6 28. Bd8 Ra6 29. Bxf6 gxf6 30. Ra1 Kf7 31. a4 Rb6 32. a5 Rb4 33. Kc3 Ke6 34. g4 Kf7 35. h4 Ke6 36. Ra3 a6 37. Ra1 Ke7 38. Kd3 Ke6 39. Kc3 Kf7 40. h5 Ke6 41. Kd3 Rb7 42. Ke3 Rb2 43. Kd3 Rb4 44. Kc3 Rb7 45. Rf1 Rg7 46. Rg1 Rb7 47. Rf1 Rb4 48. Ra1 Ke7 49. Kd3 Ke6 50. c3 Rb2 51. Ke3 Rc2 52. Ra3 Rg2 53. Kf3 Rb2 54. Ke3 Rb1 55. Kf3 Rf1+ 56. Ke3 Re1+ 57. Kf3 Rb1 58. Ke3 Rg1 59. Kf3 Rf1+ 60. Ke3 Rf4 61. Rb3 Rxg4 62. Rb6 Rg3+ 63. Kd2 Rg2+ 64. Kd3 Rh2 65. Rxa6 Rxh5 66. Ra8 Rh2 67. a6 Ra2 68. a7 Kd7 69. Rh8 Ke6 70. a8Q Rxa8 71. Rxa8 Kf7 72. Rh8 Kg6 73. Rd8 h5 74. Ke3 Kg5 75. Rxd6 h4 76. Kf3 f5 77. exf5 Kxf5 78. Rh6 e4+ 79. Ke3 Kg5 80. Rh8 Kg4 81. Kxe4 Kg3 82. Kd5 h3 83. Kxc5 Kg2 84. Kd4 h2 85. Rxh2+ 1-0

[Event "Budapest FS03 Development"]
[Site "Budapest"]
[Date "2017.07.05"]
[Round "5"]
[White "Bogad, Peter"]
[Black "Waisberg, Arnold"]
[Result "0-1"]
[WhiteElo "1986"]
[BlackElo "1839"]
[PlyCount "128"]
[EventDate "2017.07.01"]
[EventType "tourn"]
[EventRounds "10"]
[EventCountry "HUN"]
[SourceTitle "EXT 2025"]
[Source "ChessBase"]
[SourceDate "2024.10.14"]
[SourceVersion "1"]
[SourceVersionDate "2024.10.14"]
[SourceQuality "1"]

1. d4 d5 2. e4 dxe4 3. Nc3 e5 4. d5 c6 5. f3 Bb4 6. Bc4 Nf6 7. Bg5 Bxc3+ 8. bxc3 Qa5 9. Qd2 Nxd5 10. Rd1 0-0 11. fxe4 Qxc3 12. Bxd5 Qxd2+ 13. Rxd2 cxd5 14. Be7 Re8 15. Rxd5 Nc6 16. Bd6 f6 17. Nf3 Be6 18. Rb5 Rad8 19. Ba3 b6 20. Rb2 Bg4 21. Nd2 Rd4 22. h3 Be6 23. c3 Ra4 24. Bb4 Nxb4 25. cxb4 Rxa2 26. Rxa2 Bxa2 27. Ke2 Be6 28. Ra1 Re7 29. Kd3 Rd7+ 30. Kc3 Rc7+ 31. Kd3 Kf8 32. Ra3 Ke7 33. Nb1 Bc4+ 34. Ke3 Ke6 35. Nc3 Rd7 36. Nb1 b5 37. Ra6+ Kf7 38. Ra3 g5 39. g4 Kg6 40. Nd2 Rc7 41. Rc3 h5 42. Ra3 hxg4 43. hxg4 Be6 44. Kf3 Rc2 45. Nf1 Rb2 46. Rxa7 Rxb4 47. Ng3 Rb3+ 48. Kf2 Rd3 49. Rb7 Rd4 50. Re7 Bd7 51. Nf5 Bxf5 52. exf5+ Kh6 53. Kf3 Rf4+ 54. Kg3 Rb4 55. Rf7 Rb3+ 56. Kf2 Rb4 57. Rxf6+ Kh7 58. Kf3 Rf4+ 59. Kg3 Rc4 60. Kf3 b4 61. Re6 Rc5 62. Rb6 Rc4 63. Re6 Rf4+ 64. Kg3 e4 0-1

[Event "Plzen op 8th"]
[Site "Plzen"]
[Date "2016.10.09"]
[Round "1"]
[White "Albicker, Laurenz"]
[Black "Waisberg, Arnold"]
[Result "0-1"]
[WhiteElo "1504"]
[BlackElo "1876"]
[PlyCount "66"]
[EventDate "2016.10.09"]
[EventType "swiss"]
[EventRounds "7"]
[EventCountry "CZE"]
[SourceTitle "EXT 2017"]
[Source "ChessBase"]
[SourceDate "2016.10.25"]
[SourceVersion "1"]
[SourceVersionDate "2016.10.25"]
[SourceQuality "1"]

1. e4 e5 2. Nf3 Nc6 3. Bb5 Bc5 4. 0-0 Nge7 5. c3 Bb6 6. d4 exd4 7. cxd4 d5 8. e5 Bg4 9. Be2 Bxf3 10. Bxf3 Nxd4 11. Re1 0-0 12. Be3 Nxf3+ 13. Qxf3 Ng6 14. Bxb6 axb6 15. Na3 c6 16. Rad1 Qg5 17. Qg3 Qxg3 18. hxg3 Rfe8 19. f4 b5 20. Rd4 h5 21. Kh2 Ra4 22. Rxa4 bxa4 23. Nc2 c5 24. Ne3 Rd8 25. Nf5 Rd7 26. Nd6 f6 27. Nf5 fxe5 28. fxe5 Rf7 29. Nd6 Re7 30. Nf5 Re6 31. Nd6 Nxe5 32. Kh1 Rxd6 33. Rxe5 g6 0-1

[Event "Olomouc Seniors op 19th"]
[Site "Olomouc"]
[Date "2016.08.14"]
[Round "2"]
[White "Waisberg, Arnold"]
[Black "Heppell, Ian"]
[Result "0-1"]
[WhiteElo "1879"]
[BlackElo "2066"]
[PlyCount "64"]
[EventDate "2016.08.13"]
[EventType "swiss"]
[EventRounds "9"]
[EventCountry "CZE"]
[SourceTitle "CBM 174 Extra"]
[Source "ChessBase"]
[SourceDate "2016.10.10"]
[SourceVersion "1"]
[SourceVersionDate "2016.10.10"]
[SourceQuality "1"]

1. e4 e5 2. Bc4 Nf6 3. d3 c6 4. Nf3 d5 5. exd5 cxd5 6. Bb3 Nc6 7. 0-0 Be7 8. Re1 Qd6 9. Nc3 0-0 10. Bg5 d4 11. Bxf6 Bxf6 12. Ne4 Qe7 13. Nxf6+ Qxf6 14. Qd2 Re8 15. Qg5 Be6 16. Qxf6 gxf6 17. Bxe6 fxe6 18. Re2 Rac8 19. a3 Ne7 20. g3 Rc6 21. Rd1 Rec8 22. Rdd2 Nd5 23. Ne1 Rb6 24. f4 exf4 25. gxf4 Nxf4 26. Re4 e5 27. Nf3 Rxb2 28. Nxd4 Kf7 29. Nf3 Rcxc2 30. Rxc2 Rxc2 31. Ra4 a6 32. Rb4 Rc1+ 0-1

[Event "Wch Seniors 23rd"]
[Site "Opatija"]
[Date "2013.11.21"]
[Round "9"]
[White "Waisberg, Arnold"]
[Black "Urbanc, Vinko"]
[Result "1-0"]
[WhiteElo "1971"]
[BlackElo "1842"]
[PlyCount "45"]
[EventDate "2013.11.12"]
[EventType "swiss"]
[EventRounds "11"]
[EventCountry "CRO"]
[SourceTitle "CBM 157 Extra"]
[Source "ChessBase"]
[SourceDate "2013.12.19"]
[SourceVersion "1"]
[SourceVersionDate "2013.12.19"]
[SourceQuality "1"]

1. e4 Nf6 2. e5 Nd5 3. d4 d6 4. c4 Nb6 5. exd6 cxd6 6. Nf3 Bg4 7. Be2 e6 8. 0-0 Be7 9. Nc3 Nc6 10. d5 Bxf3 11. Bxf3 Ne5 12. dxe6 Nxf3+ 13. Qxf3 0-0 14. Qe2 Rc8 15. b3 f5 16. Bb2 Rc5 17. f4 Re8 18. Ba3 Rc6 19. Rad1 Qb8 20. Nd5 Bf8 21. e7 Nxd5 22. Qe6+ Kh8 23. exf8Q+ 1-0

[Event "Wch Seniors 23rd"]
[Site "Opatija"]
[Date "2013.11.19"]
[Round "7"]
[White "Waisberg, Arnold"]
[Black "Kummer, Heinz"]
[Result "1/2-1/2"]
[WhiteElo "1971"]
[BlackElo "1788"]
[PlyCount "62"]
[EventDate "2013.11.12"]
[EventType "swiss"]
[EventRounds "11"]
[EventCountry "CRO"]
[SourceTitle "CBM 157 Extra"]
[Source "ChessBase"]
[SourceDate "2013.12.19"]
[SourceVersion "1"]
[SourceVersionDate "2013.12.19"]
[SourceQuality "1"]

1. e4 c5 2. c3 d5 3. exd5 Qxd5 4. Nf3 e6 5. d4 cxd4 6. Qxd4 Nf6 7. Be2 Nc6 8. Qxd5 Nxd5 9. 0-0 Be7 10. h3 0-0 11. c4 Nb6 12. Nbd2 f5 13. b4 Bf6 14. Rb1 e5 15. c5 Nd7 16. Bc4+ Kh8 17. Nb3 e4 18. Nfd2 Nde5 19. Rd1 Nd3 20. Bxd3 exd3 21. Nf3 Ne5 22. Nxe5 Bxe5 23. Rxd3 f4 24. Nd4 Bxd4 25. Rxd4 Bf5 26. Ra1 Rfd8 27. Rxd8+ Rxd8 28. Bxf4 Kg8 29. f3 Bc2 30. Rc1 Rd1+ 31. Rxd1 Bxd1 1/2-1/2

[Event "Wch Seniors 23rd"]
[Site "Opatija"]
[Date "2013.11.15"]
[Round "4"]
[White "Benson, Lachlan"]
[Black "Waisberg, Arnold"]
[Result "1/2-1/2"]
[WhiteElo "2039"]
[BlackElo "1971"]
[PlyCount "132"]
[EventDate "2013.11.12"]
[EventType "swiss"]
[EventRounds "11"]
[EventCountry "CRO"]
[SourceTitle "CBM 157 Extra"]
[Source "ChessBase"]
[SourceDate "2013.12.19"]
[SourceVersion "1"]
[SourceVersionDate "2013.12.19"]
[SourceQuality "1"]

1. e4 e5 2. Nf3 Nc6 3. Bc4 Nf6 4. d3 Bc5 5. c3 d6 6. Bb3 Bg4 7. 0-0 Qd7 8. Qe2 0-0 9. Be3 Bb6 10. Nbd2 Rae8 11. Rfe1 d5 12. Bxb6 axb6 13. Nf1 d4 14. c4 Nh5 15. Bd1 Nf4 16. Qd2 Qd6 17. a3 Qf6 18. Ng3 h5 19. h3 Bxf3 20. Bxf3 h4 21. Nh5 Qg5 22. Nxf4 exf4 23. Kh2 Ne5 24. Be2 Re6 25. Rg1 Rg6 26. Rad1 Qf6 27. Bf3 c5 28. b4 Ra8 29. bxc5 bxc5 30. Ra1 Qg5 31. Qe2 Rga6 32. Rgd1 Rxa3 33. Rab1 Qe7 34. Qd2 g5 35. Be2 Qc7 36. f3 Ra2 37. Rb2 Qa5 38. Qc2 b6 39. Bf1 Ra6 40. Rd2 Ra1 41. Rd1 Rxd1 42. Qxd1 Qa1 43. Rb1 Qa2 44. Kg1 Kg7 45. Qc1 Nc6 46. Rb2 Qa3 47. Qb1 Nb4 48. Rb3 Qa1 49. Rxb4 cxb4 50. Qxb4 Qa5 51. Qe7 Qc5 52. Qe8 Ra7 53. Qb8 Rc7 54. Qa8 b5 55. cxb5 Qxb5 56. Qd8 Qc5 57. Qa8 Ra7 58. Qd8 Rc7 59. Kh2 Qe5 60. Kg1 Rc1 61. Qb6 Qc5 62. Qd8 Re1 63. Qb8 Qc1 64. Qe5+ f6 65. Qe7+ Kg6 66. Qe8+ Kg7 1/2-1/2

[Event "Brno op 3rd"]
[Site "Brno"]
[Date "2012.11.16"]
[Round "8"]
[White "Waisberg, Arnold"]
[Black "Frantsuzova, Lyudmila Nikola"]
[Result "1-0"]
[WhiteElo "1965"]
[BlackElo "1764"]
[PlyCount "59"]
[EventDate "2012.11.10"]
[EventType "swiss"]
[EventRounds "9"]
[EventCountry "CZE"]
[SourceTitle "CBM 151 Extra"]
[Source "ChessBase"]
[SourceDate "2012.12.18"]
[SourceVersion "1"]
[SourceVersionDate "2012.12.18"]
[SourceQuality "1"]

1. e4 e5 2. Bc4 Nc6 3. Nc3 Nf6 4. d3 Bb4 5. Nf3 Na5 6. Nxe5 0-0 7. Bxf7+ Rxf7 8. Nxf7 Kxf7 9. 0-0 d6 10. Nd5 Nxd5 11. Qh5+ Kg8 12. Qxd5+ Kh8 13. a3 Nc6 14. axb4 Nxb4 15. Qf7 Nxc2 16. Bg5 Qg8 17. Qxg8+ Kxg8 18. Rac1 Nb4 19. Rxc7 Nxd3 20. Rd1 Nxb2 21. Rxd6 Bg4 22. h3 Bh5 23. Rxb7 Nc4 24. Rdd7 Bg6 25. Rxg7+ Kf8 26. Bh6 Bf7 27. Rbxf7+ Ke8 28. Rc7 Kd8 29. Bg5+ Ke8 30. Rg8# 1-0

[Event "Brno op 3rd"]
[Site "Brno"]
[Date "2012.11.14"]
[Round "5"]
[White "Markovic, Ivan1"]
[Black "Waisberg, Arnold"]
[Result "1-0"]
[WhiteElo "2140"]
[BlackElo "1965"]
[PlyCount "61"]
[EventDate "2012.11.10"]
[EventType "swiss"]
[EventRounds "9"]
[EventCountry "CZE"]
[SourceTitle "CBM 151 Extra"]
[Source "ChessBase"]
[SourceDate "2012.12.18"]
[SourceVersion "1"]
[SourceVersionDate "2012.12.18"]
[SourceQuality "1"]

1. e4 e5 2. Nc3 Nf6 3. Bc4 Nc6 4. d3 Bc5 5. f4 d6 6. Nf3 Ng4 7. Ng5 exf4 8. Bxf7+ Kf8 9. Bxf4 Nf2 10. Qh5 Nxh1 11. Bc4 Qf6 12. Nd5 Qg6 13. Qf3 Nd4 14. Bxd6+ Ke8 15. Nxc7+ Kd7 16. Qg4+ Kxd6 17. Qf4+ Kc6 18. Nxa8 Bd6 19. Bd5+ Kd7 20. e5 Bxe5 21. Qxe5 Re8 22. Ne6 Nxe6 23. 0-0-0 Nf2 24. Bxe6+ Rxe6 25. Qc7+ Ke8 26. Qxc8+ Kf7 27. Rf1 Qg5+ 28. Kb1 Qxg2 29. Rc1 Qc6 30. Nc7 Rf6 31. Re1 1-0

[Event "Brno op 3rd"]
[Site "Brno"]
[Date "2012.11.13"]
[Round "4"]
[White "Waisberg, Arnold"]
[Black "Potapova, Tatiana"]
[Result "1-0"]
[WhiteElo "1965"]
[BlackElo "1637"]
[PlyCount "39"]
[EventDate "2012.11.10"]
[EventType "swiss"]
[EventRounds "9"]
[EventCountry "CZE"]
[SourceTitle "CBM 151 Extra"]
[Source "ChessBase"]
[SourceDate "2012.12.18"]
[SourceVersion "1"]
[SourceVersionDate "2012.12.18"]
[SourceQuality "1"]

1. e4 d6 2. d4 Nf6 3. Nc3 g6 4. Bg5 Bg7 5. f4 Nbd7 6. Nf3 c6 7. Bd3 Qc7 8. e5 dxe5 9. fxe5 Nd5 10. Nxd5 cxd5 11. 0-0 Nf8 12. Rc1 Ne6 13. Be3 b6 14. c4 dxc4 15. Bxc4 Qb7 16. d5 Nc5 17. b4 Ne4 18. Qd4 Bf5 19. Bb5+ Kf8 20. Bc6 1-0

[Event "Budapest FS04 FM-A"]
[Site "Budapest"]
[Date "2012.04.14"]
[Round "8"]
[White "Havaskori, Laszlo"]
[Black "Waisberg, Arnold"]
[Result "1-0"]
[WhiteElo "1977"]
[BlackElo "2023"]
[PlyCount "49"]
[EventDate "2012.04.07"]
[EventType "tourn"]
[EventRounds "10"]
[EventCountry "HUN"]
[SourceTitle "CBM 147 Extra"]
[Source "ChessBase"]
[SourceDate "2012.04.24"]
[SourceVersion "1"]
[SourceVersionDate "2012.04.24"]
[SourceQuality "1"]

1. d4 d5 2. Nf3 Nf6 3. Bf4 e6 4. e3 c5 5. c3 Nc6 6. Bd3 c4 7. Bc2 Bd6 8. Bg3 0-0 9. Nbd2 Qc7 10. Qe2 e5 11. dxe5 Nxe5 12. Nxe5 Bxe5 13. Nf3 Bxg3 14. hxg3 Bg4 15. 0-0-0 Rad8 16. Rh4 b5 17. Bxh7+ Nxh7 18. Rxg4 b4 19. Rh1 bxc3 20. Rgh4 cxb2+ 21. Qxb2 f6 22. Rxh7 Rb8 23. Qc2 Qe7 24. Nd4 Kf7 25. Rxg7+ 1-0

[Event "Budapest FS11 FM-B"]
[Site "Budapest"]
[Date "2011.11.11"]
[Round "7"]
[White "Waisberg, Arnold"]
[Black "Bacsi, Andras"]
[Result "0-1"]
[WhiteElo "2021"]
[BlackElo "1905"]
[PlyCount "120"]
[EventDate "2011.11.05"]
[EventType "tourn"]
[EventRounds "10"]
[EventCountry "HUN"]
[SourceTitle "EXT 2012"]
[Source "ChessBase"]
[SourceDate "2011.11.24"]
[SourceVersion "1"]
[SourceVersionDate "2011.11.24"]
[SourceQuality "1"]

1. e4 c5 2. d4 cxd4 3. Nf3 Nc6 4. Nxd4 Nf6 5. Nc3 e5 6. Nf3 Bb4 7. Bc4 0-0 8. 0-0 a6 9. Bd2 b5 10. Bd5 Qc7 11. a3 Bc5 12. b4 Ba7 13. Bg5 Bb7 14. Bxf6 gxf6 15. Nh4 Ne7 16. Bxb7 Qxb7 17. Qg4+ Kh8 18. Rad1 Bd4 19. Ne2 Rg8 20. Qf3 Qc6 21. Nxd4 exd4 22. Rxd4 Ng6 23. Nxg6+ Rxg6 24. h3 Rag8 25. g3 Qb6 26. c3 Qe6 27. Qf5 Qb3 28. Rd3 Qc2 29. e5 fxe5 30. Qxe5+ f6 31. Qe3 Qb3 32. Rxd7 Qxa3 33. Rfd1 a5 34. Ra7 a4 35. Rdd7 R6g7 36. Rxg7 Rxg7 37. Qe8+ Rg8 38. Qf7 Qc1+ 39. Kh2 Qh6 40. Qd7 Qg7 41. Qd4 Qg5 42. Rf7 Qe5 43. Qxe5 fxe5 44. c4 Ra8 45. cxb5 a3 46. b6 a2 47. b7 a1Q 48. bxa8Q+ Qxa8 49. g4 Qb8 50. Rf5 e4+ 51. Kg2 Qxb4 52. Kg3 Qc3+ 53. Kg2 Kg7 54. Kh2 Kg6 55. Kg2 Qd2 56. Kg3 Qe2 57. h4 Qd3+ 58. Kg2 h5 59. Rg5+ Kf6 60. Rf5+ Ke6 0-1

[Event "Bayern-chI Bank Hofmann 13th"]
[Site "Bad Wiessee"]
[Date "2009.10.31"]
[Round "1"]
[White "Waisberg, Arnold"]
[Black "Kraai, Jesse"]
[Result "0-1"]
[WhiteElo "2013"]
[BlackElo "2526"]
[PlyCount "48"]
[EventDate "2009.10.31"]
[EventType "swiss"]
[EventRounds "9"]
[EventCountry "GER"]
[SourceTitle "EXT 2010"]
[Source "ChessBase"]
[SourceDate "2010.11.25"]
[SourceVersion "1"]
[SourceVersionDate "2010.11.25"]
[SourceQuality "1"]

1. e4 e6 2. d4 d5 3. Nd2 c5 4. Ngf3 cxd4 5. Nxd4 Nc6 6. exd5 Nxd4 7. c3 Nf5 8. Bb5+ Bd7 9. dxe6 Bxb5 10. exf7+ Kxf7 11. Qb3+ Kg6 12. Qxb5 Qe8+ 13. Qxe8+ Rxe8+ 14. Kf1 Nf6 15. Nf3 h5 16. Bf4 Bd6 17. Bxd6 Nxd6 18. Rd1 Nc4 19. b3 Ne5 20. Nd4 Rhf8 21. f3 Nd5 22. Kf2 Nxc3 23. Ra1 Nd3+ 24. Kg3 Rf4 0-1

[Event "Wch Seniors 14th"]
[Site "Halle"]
[Date "2004.11.02"]
[Round "8"]
[White "Jahr, Dieter"]
[Black "Waisberg, Arnold"]
[Result "1-0"]
[WhiteElo "2014"]
[BlackElo "2121"]
[PlyCount "85"]
[EventDate "2004.10.24"]
[EventType "swiss"]
[EventRounds "11"]
[EventCountry "GER"]
[SourceTitle "EXT 2005"]
[Source "ChessBase"]
[SourceDate "2004.11.15"]
[SourceVersion "1"]
[SourceVersionDate "2004.11.15"]
[SourceQuality "1"]

1. c4 f5 2. d4 Nf6 3. Nc3 e6 4. g3 Bb4 5. Bd2 0-0 6. Bg2 d6 7. e3 c6 8. Nge2 e5 9. 0-0 Qe8 10. h3 Qh5 11. f4 e4 12. b3 Bxc3 13. Nxc3 Qg6 14. Be1 Nbd7 15. b4 Nb6 16. c5 Nc4 17. Bf2 d5 18. Re1 Nb2 19. Qc2 Nd3 20. Reb1 Nh5 21. Kh2 a6 22. Bf1 Nxf2 23. Qxf2 Bd7 24. a4 Qe8 25. b5 axb5 26. axb5 Rxa1 27. Rxa1 cxb5 28. Nxd5 Bc6 29. Nb4 Qe6 30. Qa2 Qxa2+ 31. Rxa2 Rf6 32. g4 fxg4 33. hxg4 Nxf4 34. exf4 Rxf4 35. Bg2 Rxg4 36. d5 Bd7 37. c6 bxc6 38. dxc6 Rh4+ 39. Kg3 Rg4+ 40. Kf2 Bc8 41. Nd5 Kf7 42. Bh3 Rh4 43. Ra7+ 1-0

[Event "Wch Seniors 14th"]
[Site "Halle"]
[Date "2004.10.30"]
[Round "7"]
[White "Waisberg, Arnold"]
[Black "Hohler, Peter"]
[Result "0-1"]
[WhiteElo "2121"]
[BlackElo "2248"]
[PlyCount "94"]
[EventDate "2004.10.24"]
[EventType "swiss"]
[EventRounds "11"]
[EventCountry "GER"]
[SourceTitle "EXT 2005"]
[Source "ChessBase"]
[SourceDate "2004.11.15"]
[SourceVersion "1"]
[SourceVersionDate "2004.11.15"]
[SourceQuality "1"]

1. e4 e5 2. Bc4 Nf6 3. d3 c6 4. Nf3 d5 5. Bb3 Bd6 6. exd5 Nxd5 7. 0-0 0-0 8. Re1 Nd7 9. Bd2 h6 10. Nc3 N5f6 11. a4 Qc7 12. Ne4 Nxe4 13. dxe4 Nc5 14. Bb4 Bg4 15. Bxc5 Bxc5 16. h3 Rad8 17. Qe2 Bxf3 18. Qxf3 Rd6 19. Re2 Rfd8 20. Bc4 Qe7 21. Bd3 Rf6 22. Qh5 Rdd6 23. Rf1 Rg6 24. Kh1 Rdf6 25. Qh4 Rxf2 26. Qxf2 Bxf2 27. Rexf2 Rf6 28. Rxf6 gxf6 29. b3 Kg7 30. Rf3 Qd6 31. Rg3+ Kf8 32. Rf3 Ke7 33. Kh2 Qb4 34. Rg3 b5 35. axb5 cxb5 36. Rg8 a6 37. Ra8 Qd6 38. Ra7+ Kf8 39. Kg3 f5 40. Kf3 f4 41. g3 fxg3 42. Kxg3 f5 43. Kf3 f4 44. Ra8+ Kg7 45. Ra7+ Kf6 46. Ra8 Qb6 47. Ke2 Kg5 0-1

[Event "ESP-ch Seniors"]
[Site "Mallorca"]
[Date "2004.10.17"]
[Round "6"]
[White "Andersson, Kaj Ake"]
[Black "Waisberg, Arnold"]
[Result "0-1"]
[WhiteElo "2367"]
[BlackElo "2121"]
[PlyCount "74"]
[EventDate "2004.10.12"]
[EventType "swiss"]
[EventRounds "9"]
[EventCountry "ESP"]
[SourceTitle "EXT 2005"]
[Source "ChessBase"]
[SourceDate "2004.11.15"]
[SourceVersion "1"]
[SourceVersionDate "2004.11.15"]
[SourceQuality "1"]

1. e4 e5 2. Nf3 Nc6 3. Bb5 Bc5 4. 0-0 Nge7 5. c3 Bb6 6. d4 exd4 7. cxd4 d5 8. e5 Bg4 9. Be3 0-0 10. Qd3 Bxf3 11. gxf3 Qd7 12. Kg2 f6 13. Nc3 fxe5 14. Bxc6 Nxc6 15. dxe5 d4 16. Na4 Qd5 17. Bg5 Qxe5 18. Bh4 Rae8 19. Nxb6 axb6 20. Rad1 Qd5 21. a3 Rf7 22. Rfe1 Ref8 23. Qe4 Qb3 24. Rd3 Qxb2 25. Qe6 Qb5 26. Rb3 Qf5 27. Qc4 Ne5 28. Rxe5 Qxe5 29. Bg3 Qc5 30. Qxc5 bxc5 31. Rxb7 Rd7 32. Rb5 d3 33. Rb1 d2 34. Rd1 Rd5 35. Bxc7 c4 36. Bb6 c3 37. Be3 Rfd8 0-1

[Event "ESP-ch Seniors"]
[Site "Mallorca"]
[Date "2004.10.15"]
[Round "4"]
[White "Yanez Acin, Gonzalo"]
[Black "Waisberg, Arnold"]
[Result "0-1"]
[WhiteElo "1992"]
[BlackElo "2121"]
[PlyCount "52"]
[EventDate "2004.10.12"]
[EventType "swiss"]
[EventRounds "9"]
[EventCountry "ESP"]
[SourceTitle "EXT 2005"]
[Source "ChessBase"]
[SourceDate "2004.11.15"]
[SourceVersion "1"]
[SourceVersionDate "2004.11.15"]
[SourceQuality "1"]

1. e4 e5 2. Nf3 Nc6 3. Bc4 Nf6 4. d3 Bc5 5. c3 0-0 6. b4 Bb6 7. a4 a6 8. 0-0 d6 9. Nbd2 Qe7 10. Ba2 Bg4 11. h3 Bh5 12. Nc4 Ba7 13. Bg5 h6 14. Bh4 g5 15. Bg3 Nd8 16. Ne3 Bxe3 17. fxe3 g4 18. Nh4 gxh3 19. Nf5 Qd7 20. Qd2 Kh7 21. gxh3 Rg8 22. Kh2 Ne6 23. Nxh6 Ng5 24. Rxf6 Qxh3+ 25. Kg1 Qxg3+ 26. Qg2 Nh3+ 0-1